000
00263nam a2200097Ia 4500
001
639916
005
20250826153437.0
008
250824s9999 xx 000 0 und d
245
0
_a
İNSAN NE İLE YAŞAR ANTİK YENİ
_c
TOLSTOY
260
_b
ANTİK DÜNYA KLASİKLERİ
999
_c
639916
_d
639916